| 000 | 00326nam a2200121Ia 4500 | ||
|---|---|---|---|
| 008 | 150731s2013 xx 000 0 und d | ||
| 082 |
_a615.53 _bV 13 N |
||
| 100 | _aNAMBURI, U.R. SEKHAR | ||
| 245 | _aTB. OF VYAVAHARYURVEDA & VIDHIVAIDYAKA | ||
| 260 |
_bCHAUKHAMBHA PUB. NEW DELHI _c2013 |
||
| 300 | _a362 | ||
| 942 |
_2ddc _cBK _094 |
||
| 999 |
_c7866 _d7866 |
||